[Event "Liga CS - istok 2016"]
[Site "Kladovo"]
[Date "2016.10.13"]
[Round "6.11"]
[White "Milunovic, Toni"]
[Black "Tosic, Branislav"]
[Result "1/2-1/2"]
[WhiteElo "2266"]
[BlackElo "2220"]
[PlyCount "0"]
[EventDate "2016.09.04"]

1.Nf3 Nf6 2.c4 e6 3.Nc3 d5 4.d4 c6 5.e3 Nbd7 6.Bd3 dxc4 7.Bxc4
b5 8.Be2 Be7 9.O-O O-O 10.Bd2 a6 1/2-1/2

[Event "Liga CS - istok 2016"]
[Site "Kladovo"]
[Date "2016.10.13"]
[Round "6.12"]
[White "Mitrovic, Darko A"]
[Black "Arsenijevic, Ivan"]
[Result "1/2-1/2"]
[WhiteElo "2050"]
[BlackElo "2163"]
[PlyCount "0"]
[EventDate "2016.09.04"]

1.e4 e6 2.d4 d5 3.Nc3 dxe4 4.Nxe4 Nd7 5.Nf3 Ngf6 6.Ng3 Be7 7.Bd3
O-O 8.O-O b6 9.Qe2 c5 10.c3 Bb7 11.Re1 Qc7 12.Bd2 Rad8 13.Rad1
Rfe8 14.Bb1 Nf8 15.dxc5 Bxc5 16.Ne4 Ng4 17.h3 Bxe4 18.hxg4 Bxb1
19.Rxb1 Ng6 20.Be3 Nf4 21.Qc4 Nd5 22.Bxc5 bxc5 23.Rbd1 Rb8 24.Re2
Nb6 25.Qe4 Qb7 26.Ng5 Qxe4 27.Nxe4 Rec8 28.b3 c4 29.Red2 Kf8
30.Kf1 Rc7 31.Rd8+ Rxd8 32.Rxd8+ Ke7 33.Rg8 cxb3 34.axb3 Nd5
35.c4 Nf6 36.Nxf6 Kxf6 37.Ke2 1/2-1/2

[Event "Liga CS - istok 2016"]
[Site "Kladovo"]
[Date "2016.10.13"]
[Round "6.13"]
[White "Suhartovic, Branislav"]
[Black "Filipovic, Milisav"]
[Result "1-0"]
[WhiteElo "2148"]
[BlackElo "2013"]
[PlyCount "0"]
[EventDate "2016.09.04"]

1.e4 d6 2.Nc3 Nf6 3.Bc4 c6 4.Bb3 Bg4 5.f3 Bh5 6.d3 h6 7.Nge2
e5 8.O-O g5 9.Qe1 Nbd7 10.Be3 Nc5 11.d4 Nxb3 12.axb3 b6 13.Qf2
Bg7 14.Rfd1 Qb8 15.Ra6 O-O 16.Rda1 Qb7 17.h4 g4 18.f4 exd4 19.Bxd4
c5 20.Bxf6 Bxf6 21.e5 dxe5 22.fxe5 Bg7 23.Qf4 Bg6 24.Qxg4 Bxc2
25.Nf4 Kh8 26.Qh5 Rfe8 27.e6 fxe6 28.Rxa7 Rxa7 29.Qxe8+ Kh7 30.Rxa7
Qxa7 31.Qxe6 Qa1+ 32.Kh2 Qxb2 33.Ncd5 Qxb3 34.Qf7 Qb2 35.Ne7
Qb3 36.Ne6 Qxe6 37.Qxe6 h5 1-0

[Event "Liga CS - istok 2016"]
[Site "Kladovo"]
[Date "2016.10.13"]
[Round "6.14"]
[White "Zivkovic, Toplica"]
[Black "Stojanovic, Goran"]
[Result "1/2-1/2"]
[WhiteElo "1964"]
[BlackElo "2022"]
[PlyCount "0"]
[EventDate "2016.09.04"]

1.d4 Nf6 2.c4 c5 3.Nf3 g6 4.Nc3 Bg7 5.e3 O-O 6.Be2 cxd4 7.exd4
d5 8.O-O Nc6 9.c5 b6 10.Bb5 Bd7 11.Bxc6 Bxc6 12.Ne5 Rc8 13.Nxc6
Rxc6 14.Qa4 Qd7 15.cxb6 axb6 16.Be3 Rd8 17.Rfd1 Rc4 18.Qxd7 Rxd7
19.f3 Rdc7 20.Rac1 1/2-1/2

[Event "Liga CS - istok 2016"]
[Site "Kladovo"]
[Date "2016.10.13"]
[Round "6.15"]
[White "Milunovic, Sasa"]
[Black "Radulovic, Sasa"]
[Result "1-0"]
[WhiteElo "1932"]
[BlackElo "1944"]
[PlyCount "0"]
[EventDate "2016.09.04"]

1.d4 d5 2.Nf3 c6 3.e3 Bf5 4.Be2 h6 5.O-O Nf6 6.c4 e6 7.Nc3 Bd6
8.c5 Bc7 9.Bd2 Nbd7 10.b4 e5 11.dxe5 Nxe5 12.Nd4 Bg6 13.f4 Ned7
14.Qe1 Ne4 15.Nxe4 Bxe4 16.Rc1 a6 17.a4 O-O 18.Bc3 f5 19.Ne6
Qb8 20.Bxg7 Re8 21.Nxc7 Kxg7 22.Nxe8+ Qxe8 23.Bf3 Bd3 24.Qc3+ 1-0

[Event "Liga CS - istok 2016"]
[Site "Kladovo"]
[Date "2016.10.13"]
[Round "6.16"]
[White "Nikolic, Nikola*"]
[Black "Mitrovic, Aleksandar"]
[Result "1/2-1/2"]
[WhiteElo "1936"]
[BlackElo "1780"]
[PlyCount "0"]
[EventDate "2016.09.04"]

1.d4 e6 2.c4 Nf6 3.Nf3 d5 4.g3 h6 5.Bg2 a6 6.O-O dxc4 7.Ne5 Be7
8.Nxc4 O-O 9.Nc3 Nd5 10.e4 Nxc3 11.bxc3 Nc6 12.d5 exd5 13.exd5
Na7 14.a4 Rb8 15.Be3 b6 16.Qc2 Bg5 17.f4 Bf6 18.Ne5 Bb7 19.c4
Nc8 20.Rab1 Re8 21.Bd4 a5 22.Rfe1 Nd6 23.Rbd1 Ba8 24.h3 Qc8 25.Nc6
Rxe1+ 26.Rxe1 Bxd4+ 27.Nxd4 Qd7 28.Nc6 Re8 29.Ne5 Qf5 30.Qc1
f6 31.g4 Qc8 32.Nc6 Bxc6 33.dxc6 Kh8 34.Bd5 Rxe1+ 35.Qxe1 Qe8
36.Qd2 Qe7 37.h4 Nf7 38.Bxf7 Qxf7 39.Qd5 Qe7 40.Kf2 Kh7 41.Kf3
Qa3+ 42.Ke4 Qe7+ 43.Kd4 1/2-1/2

[Event "Liga CS - istok 2016"]
[Site "Kladovo"]
[Date "2016.10.13"]
[Round "6.17"]
[White "Petrovic, Marija V**"]
[Black "Nikic, Dragan"]
[Result "0-1"]
[WhiteElo "1553"]
[BlackElo "1833"]
[PlyCount "0"]
[EventDate "2016.09.04"]

1.e4 c5 2.Nf3 d6 3.d4 cxd4 4.Nxd4 Nf6 5.Nc3 a6 6.Be3 Qc7 7.Be2
e6 8.f4 Nbd7 9.O-O b5 10.a3 Bb7 11.Bd3 Be7 12.Kh1 Nb6 13.Qe2
Rc8 14.Nf3 Nc4 15.Bxc4 {+0.00} Qxc4 16.Qxc4 Rxc4 17.Nd2 Rc8 18.Rae1
a5 19.Nxb5 Rxc2 20.Nd4 Rxb2 21.Nc4 Ra2 22.Rb1 Bxe4 23.Rb8+ Bd8
24.Nxd6+ Kd7 25.Nxe4 Nxe4 26.Rb7+ Kd6 27.Rxf7 Bf6 28.Nb5+ Kc6
29.Na7+ Kd5 30.Rd1+ Kc4 31.Rc7+ Kb3 32.Rb7+ Ka4 33.Rc1 Nc3 34.Rb6
Rd8 35.Rxe6 Rd1+ 36.Rxd1 Nxd1 37.Bg1 Ra1 38.h3 Kxa3 39.Ra6 a4
40.Nb5+ Kb3 41.Kh2 a3 42.Nd4+ Bxd4 43.Bxd4 Rc1 44.Bxg7 Rc2 45.Kg1
Nb2 46.Rb6+ Kc4 47.f5 a2 48.Ra6 Nd3 49.Kh2 Nb4 50.Ra8 Kb3 51.f6
Rc7 52.f7 Rxf7 53.Be5 Nc2 54.Kg1 Rd7 0-1

[Event "Liga CS - istok 2016"]
[Site "Kladovo"]
[Date "2016.10.13"]
[Round "6.18"]
[White "Zivkovic, Nikola S**"]
[Black "Ilic, Petar**"]
[Result "1-0"]
[WhiteElo "1636"]
[BlackElo "1356"]
[PlyCount "0"]
[EventDate "2016.09.04"]

1.c4 Nf6 2.Nc3 g6 3.g3 Bg7 4.Bg2 c5 5.e3 O-O 6.Nge2 d6 7.O-O
Na6 8.d3 Rb8 9.a3 Bd7 10.d4 Nc7 11.b4 b6 12.Bd2 Bc6 13.d5 Bd7
14.bxc5 bxc5 15.Rb1 Rxb1 16.Qxb1 Qb8 17.Qc2 Na8 18.Rb1 Nb6 19.a4
Qc7 20.Nb5 Bxb5 21.axb5 Nfd7 22.f4 Ra8 23.Bh3 f5 24.e4 fxe4 25.Qxe4
Nf6 26.Qd3 a5 27.bxa6 Rxa6 28.Nc3 Nfd7 29.Nb5 Qd8 30.Bc3 Bxc3
31.Qxc3 Ra4 32.Be6+ Kf8 33.Qh8# 1-0

[Event "Liga CS - istok 2016"]
[Site "Kladovo"]
[Date "2016.10.13"]
[Round "6.21"]
[White "Stankovic, Nemanja"]
[Black "Djoric, Dusan"]
[Result "0-1"]
[WhiteElo "2131"]
[BlackElo "2288"]
[PlyCount "0"]
[EventDate "2016.09.04"]

1.d4 Nf6 2.c4 g6 3.Nc3 d5 4.cxd5 Nxd5 5.e4 Nxc3 6.bxc3 Bg7 7.Bc4
c5 8.Be3 Qa5 9.Qd2 Nc6 10.Ne2 cxd4 11.cxd4 Qxd2+ 12.Kxd2 O-O
13.Rhd1 Na5 14.Rac1 Nxc4+ 15.Rxc4 e6 16.Rdc1 Bd7 17.f3 Rfc8 18.Rxc8+
Rxc8 19.Rxc8+ Bxc8 20.Nc3 Bd7 21.Kd3 b5 22.d5 b4 23.dxe6 fxe6
24.Nb1 Bb5+ 25.Kc2 a5 26.Bc5 Bc4 27.Bb6 a4 28.Bc5 Bf8 29.Bxf8
Kxf8 30.a3 bxa3 31.Nxa3 Bf1 32.f4 Bxg2 33.Kd3 Ke7 34.Kd4 Kd6
35.h4 Bf1 36.Nb1 e5+ 37.fxe5+ Ke6 38.Na3 h6 39.Nc2 g5 40.hxg5
hxg5 41.Ne3 Be2 42.Nc2 Bd1 43.Na3 g4 44.Nc4 Be2 45.Na3 g3 46.Ke3
g2 47.Kf2 Bf1 48.Nc2 Kxe5 0-1

[Event "Liga CS - istok 2016"]
[Site "Kladovo"]
[Date "2016.10.13"]
[Round "6.22"]
[White "Kalcic, Krsta"]
[Black "Knezevic, Ilija"]
[Result "0-1"]
[WhiteElo "2156"]
[BlackElo "2152"]
[PlyCount "0"]
[EventDate "2016.09.04"]

1.e4 c6 2.d4 d5 3.e5 Bf5 4.h4 h5 5.Bd3 Bxd3 6.Qxd3 e6 7.Nd2 Nd7
8.Nb3 Ne7 9.a4 c5 10.Qb5 Nc6 11.dxc5 Qc7 12.f4 a6 13.Qe2 Bxc5
14.Nf3 g6 15.c3 Ne7 16.Nfd4 Nf5 17.Rh3 Be7 18.Nxf5 gxf5 19.Be3
Rg8 20.Nc1 Rg4 21.g3 Nc5 22.Bxc5 Qxc5 23.Kf1 O-O-O 24.Nd3 Qc4
25.Qe3 Kb8 26.Ke2 d4 27.cxd4 Rxd4 28.Rc1 Qxa4 29.Nf2 Qb5+ 30.Kf3
Qd5+ 31.Ke2 Bb4 32.Rc2 Qb5+ 33.Kf3 Bc5 34.Qc3 Qc6+ 35.Ke2 Qb5+
36.Kf3 b6 37.Rh1 Qc6+ 38.Ke2 Qg2 39.Rd2 Rxd2+ 0-1

[Event "Liga CS - istok 2016"]
[Site "Kladovo"]
[Date "2016.10.13"]
[Round "6.23"]
[White "Stojanovic, Jovan"]
[Black "Rajkovic, Branislav"]
[Result "1-0"]
[WhiteElo "2016"]
[BlackElo "2171"]
[PlyCount "0"]
[EventDate "2016.09.04"]

1.e4 e5 2.Nf3 Nc6 3.Bb5 Bc5 4.d3 d6 5.h3 Nge7 6.O-O O-O 7.Be3
Bd7 8.Bxc5 dxc5 9.Bxc6 Nxc6 10.Nbd2 Be6 11.Re1 Qe7 12.a3 Rfd8
13.Qe2 a5 14.Nf1 f6 15.Ne3 Qf7 16.Rac1 Rd7 17.Kh2 Rad8 18.Rg1
b5 19.g4 h6 20.h4 Ne7 21.a4 c6 22.Qe1 Ra8 23.Qc3 c4 24.dxc4 b4
25.Qe1 Bxc4 26.Rd1 Rad8 27.Rxd7 Rxd7 28.Nd2 Be6 29.Qe2 Ng6 30.h5
Nf4 31.Qe1 Nxh5 32.b3 Nf4 33.Ndc4 g5 34.Rh1 h5 35.f3 hxg4 36.Nxg4
Bxg4 37.fxg4 Rd4 38.Kg3 Ne6 39.Rh6 Qg7 40.Qh1 Nf4 41.Ne3 Ne2+
42.Kf2 Rd2 43.Nf5 Nd4+ 44.Ke3 Nxf5+ 45.gxf5 Rd7 46.Rg6 1-0

[Event "Liga CS - istok 2016"]
[Site "Kladovo"]
[Date "2016.10.13"]
[Round "6.24"]
[White "Colic, Ninoslav"]
[Black "Stevanovic, Ljubinko"]
[Result "1-0"]
[WhiteElo "2103"]
[BlackElo "2051"]
[PlyCount "0"]
[EventDate "2016.09.04"]

1.e4 c5 2.b3 d6 3.d4 cxd4 4.Qxd4 Nc6 5.Qd2 Nf6 6.Nc3 g6 7.Bb2
Bg7 8.O-O-O O-O 9.f3 Qa5 10.Kb1 Bd7 11.Nd5 Qxd2 12.Nxf6+ Bxf6
13.Rxd2 Bxb2 14.Kxb2 Rfc8 15.Ne2 a6 16.Nf4 b5 17.c3 Rab8 18.Be2
Rb7 19.Nd5 Be6 20.Nf4 Bd7 21.g4 Ne5 22.Nd5 Bc6 23.Ne3 Nd7 24.h4
Nb6 25.h5 Rbc7 26.h6 Bb7 27.c4 bxc4 28.Nxc4 Nxc4+ 29.Bxc4 Rc5
30.Rhd1 Kf8 31.Bd3 Ke8 32.Rc2 Rxc2+ 33.Bxc2 Kd7 34.f4 e6 35.g5
Ke7 36.Bd3 d5 37.e5 Kd7 38.Rd2 Ke7 39.b4 Kd7 40.Rc2 Rxc2+ 41.Kxc2
Kc6 42.Kc3 Kb6 43.a4 Bc8 44.Kd4 Bb7 45.f5 exf5 46.Bxf5 Bc6 47.Bc2
Kc7 48.Bb3 Kb6 49.Bxd5 1-0

[Event "Liga CS - istok 2016"]
[Site "Kladovo"]
[Date "2016.10.13"]
[Round "6.25"]
[White "Milosevic, Sinisa"]
[Black "Simic, Petar S**"]
[Result "0-1"]
[WhiteElo "1993"]
[BlackElo "2083"]
[PlyCount "0"]
[EventDate "2016.09.04"]

1.e4 e6 2.Nf3 d5 3.Nc3 Nf6 4.e5 Nfd7 5.d4 c5 6.dxc5 Bxc5 7.Bd3
Nc6 8.Bf4 Qb6 9.O-O Qc7 10.a3 Nf8 11.Bg3 Ng6 12.Qe2 O-O 13.Kh1
a6 14.h4 Nd4 15.Nxd4 Bxd4 16.h5 Ne7 17.Nd1 Nc6 18.Re1 h6 19.c3
Ba7 20.Bc2 Ne7 21.Bf4 Qc4 22.Qf3 Nf5 23.b3 Qc6 24.Rc1 Bd7 25.Kh2
d4 26.Be4 Qb6 27.g4 Ne7 28.Bb1 Nd5 29.Qe4 f5 30.exf6 Nxf6 31.Qg6
Be8 32.Qd3 Nxg4+ 33.Kg3 Nf6 34.Be5 Bb8 35.f4 Nxh5+ 36.Kg4 g6
37.cxd4 Bxe5 38.Rxe5 Rxf4+ 39.Kh3 Rxd4 40.Qe3 Qd8 41.Nf2 Qh4+
42.Kg2 Nf4+ 43.Kf1 Rad8 44.Bc2 Qh2 45.Be4 Bb5+ 46.Rxb5 axb5 47.Qf3
Rf8 48.Qg4 Rxe4 49.Nxe4 Nd3+ 0-1

[Event "Liga CS - istok 2016"]
[Site "Kladovo"]
[Date "2016.10.13"]
[Round "6.26"]
[White "Stojanovic, Sreten"]
[Black "Jankovic, Uros**"]
[Result "1/2-1/2"]
[WhiteElo "2094"]
[BlackElo "1892"]
[PlyCount "0"]
[EventDate "2016.09.04"]

1.e4 c5 2.c3 d5 3.Bb5+ Bd7 4.Qe2 dxe4 5.Bxd7+ Qxd7 6.Qxe4 Nc6
7.Ne2 Nf6 8.Qe3 e5 9.Na3 O-O-O 10.O-O Nd5 11.Qg3 h5 12.d3 h4
13.Qf3 Nf6 14.Bg5 Qxd3 15.Rfe1 Qxf3 16.gxf3 Rh5 17.f4 exf4 18.Bxf6
gxf6 19.Nxf4 Rf5 20.Nh3 Ne5 21.Re2 Bd6 22.Kh1 Nf3 23.Nc4 Ng5
24.Ng1 Bf4 25.Rae1 Rfd5 26.Kg2 Rd3 27.f3 Ne6 28.Kh3 Bd2 29.Rxd2
Rxd2 30.Nxd2 Rxd2 31.Rb1 b5 32.Kxh4 Rxh2+ 33.Kg4 Kd7 34.f4 c4
35.Kf5 Ke7 36.b3 Rxa2 37.bxc4 Ng7+ 38.Ke4 bxc4 39.Rb7+ Ke6 40.Nf3
Re2+ 41.Kd4 Nf5+ 42.Kc5 Re4 43.Nd4+ Nxd4 44.cxd4 c3 45.Rc7 c2
46.d5+ Kf5 47.Kd6 Re2 48.Rc4 a5 49.Kc7 Rd2 50.d6 Ke6 51.f5+ Kd5
52.Rc6 Ke4 53.d7 Rxd7+ 54.Kxd7 Kd3 55.Ke7 a4 56.Rd6+ Ke2 57.Rc6
Kd2 58.Rd6+ Kc3 59.Rc6+ Kb2 60.Rb6+ Ka1 61.Rc6 Kb1 62.Rb6+ Ka2
63.Rc6 Kb1 64.Rb6+ Kc1 65.Ra6 a3 66.Rxa3 Kb2 67.Ra6 c1Q 68.Rxf6
Qc7+ 69.Ke8 Kc3 70.Rxf7 Qc8+ 71.Ke7 Kd4 72.Kf6 Ke4 73.Kg7 Qc3+
74.Kh7 Qh3+ 75.Kg7 Ke5 76.Kg6 Qg2+ 77.Kh7 Qd5 78.Kg7 Qd8 79.Kh7
Qg5 80.Kh8 Kd5 81.Kh7 Kd6 82.Kh8 Qh6+ 83.Kg8 Ke5 84.Rf8 Kf4 85.Rf7
Kg5 86.Rf8 Qd6 87.Kg7 Qd7+ 88.Rf7 Qe8 89.Rf8 Qe5+ 90.Kg8 Kh6
91.Rf6+ Kg5 92.Rf7 Qe8+ 93.Kg7 Qe5+ 94.Kh7 Qe8 95.Kg7 Kh5 96.Rf8
Qe5+ 97.Kg8 Qe7 98.Rf7 Qd8+ 99.Kh7 Qc8 100.Kg7 Qb8 101.Kh7 Qa8
102.Kg7 Kg5 103.Rf8 Qa3 104.Rf7 Qh3 105.Kg8 Qc3 106.Kh7 Qb3 107.Kg7
Kh5 108.Rf8 Qc3+ 109.Kh7 Qe5 110.Rf7 Kg5 111.Kg8 Qe8+ 112.Kg7
Kh5 113.Rf8 Qe7+ 114.Rf7 Qe5+ 115.Kg8 Qe8+ 116.Kg7 Qe5+ 117.Kg8
Qb8+ 118.Kg7 1/2-1/2

[Event "Liga CS - istok 2016"]
[Site "Kladovo"]
[Date "2016.10.13"]
[Round "6.32"]
[White "Arsic, Novica"]
[Black "Radakovic, Stevan"]
[Result "1/2-1/2"]
[WhiteElo "2029"]
[BlackElo "2087"]
[PlyCount "0"]
[EventDate "2016.09.04"]

1.e4 c5 2.Nf3 d6 3.d4 cxd4 4.Nxd4 Nf6 5.Nc3 g6 6.f3 Bg7 7.Be3
Nbd7 8.Bc4 a6 9.Qd2 h5 10.Bb3 Qc7 11.O-O b5 12.a3 Bb7 13.Rfe1
Rc8 14.Rac1 Ne5 15.h3 Nc4 16.Bxc4 Qxc4 17.Qd3 Nd7 18.Qxc4 Rxc4
19.Nde2 O-O 20.Bd2 Rfc8 21.Kf2 e6 22.Red1 Ne5 23.Bf4 1/2-1/2

[Event "Liga CS - istok 2016"]
[Site "Kladovo"]
[Date "2016.10.13"]
[Round "6.33"]
[White "Celenkovic, Bojan*"]
[Black "Desic, Zoran"]
[Result "1-0"]
[WhiteElo "2048"]
[BlackElo "2059"]
[PlyCount "0"]
[EventDate "2016.09.04"]

1.e4 c5 2.Nf3 g6 3.d4 cxd4 4.Nxd4 Bg7 5.Nc3 Nf6 6.Be2 O-O 7.Nb3
Nc6 8.O-O d6 9.Be3 a6 10.f4 b5 11.a3 Bb7 12.Bf3 Rc8 13.Qd2 Na5
14.Nxa5 Qxa5 15.e5 dxe5 16.fxe5 Rcd8 17.Qf2 Bxf3 18.exf6 Bxf6
19.Bb6 Qxb6 20.Qxb6 Bd4+ 21.Qxd4 Rxd4 22.Rxf3 Rd2 23.Rf2 Rfd8
24.Rxd2 Rxd2 25.Rc1 f5 26.Nb1 Rd6 27.Kf2 Kf7 28.c4 bxc4 29.Rxc4
Kf6 30.b4 h5 31.a4 g5 32.Nc3 g4 33.Ke3 Re6+ 34.Kd3 Kg5 35.b5
axb5 36.axb5 h4 37.Rc6 Re1 38.b6 f4 39.b7 Re3+ 40.Kd2 1-0

[Event "Liga CS - istok 2016"]
[Site "Kladovo"]
[Date "2016.10.13"]
[Round "6.34"]
[White "Stevic, Dragan"]
[Black "Damjanovic, Nebojsa"]
[Result "0-1"]
[WhiteElo "1897"]
[BlackElo "2039"]
[PlyCount "0"]
[EventDate "2016.09.04"]

1.d4 Nf6 2.c4 d5 3.Nc3 c6 4.e3 Bf5 5.Nf3 h6 6.Bd3 Bxd3 7.Qxd3
e6 8.O-O Bd6 9.Re1 O-O 10.e4 dxe4 11.Nxe4 Nxe4 12.Qxe4 Qf6 13.Bd2
Nd7 14.Rad1 Rfe8 15.b4 Qf5 16.Qxf5 exf5 17.Nh4 f4 18.Nf5 Bc7
19.d5 cxd5 20.cxd5 Be5 21.d6 Re6 22.Rc1 g6 23.Ne7+ Kf8 24.Rc8+
Rxc8 25.Nxc8 a6 26.b5 Re8 27.Rc1 axb5 28.Rc7 Nf6 29.Bb4 Kg7 30.Re7
Rxc8 31.Rxe5 Rc1+ 32.Re1 Rxe1+ 33.Bxe1 Nd7 34.Kf1 Kf6 35.Ke2
Ke6 36.Bb4 b6 37.Kf3 Nc5 38.Bd2 g5 39.h4 Kxd6 40.Bc3 Ne6 41.Ke4
Kc5 42.Bf6 Kb4 43.hxg5 hxg5 44.Bb2 Kc4 45.Bf6 b4 46.g3 fxg3 47.fxg3
b3 48.axb3+ Kxb3 49.Kd5 b5 50.Kd6 Kc4 51.Ke7 b4 52.Kxf7 Nd4 53.Be7
Nf5 54.Bf6 Nxg3 55.Ke6 Ne2 0-1

[Event "Liga CS - istok 2016"]
[Site "Kladovo"]
[Date "2016.10.13"]
[Round "6.35"]
[White "Radulovic, Srecko"]
[Black "Dragojevic, Leon*"]
[Result "0-1"]
[WhiteElo "1982"]
[BlackElo "1874"]
[PlyCount "0"]
[EventDate "2016.09.04"]

1.e4 d5 2.exd5 Qxd5 3.Nc3 Qa5 4.Bc4 Nf6 5.d4 c6 6.Nge2 Bf5 7.O-O
e6 8.Ng3 Bg6 9.Qe2 Be7 10.Bb3 O-O 11.Be3 Nbd7 12.f3 Qc7 13.Nge4
Nh5 14.Rad1 Rad8 15.Qf2 a6 16.Bg5 Nhf6 17.g4 Nxe4 18.Nxe4 Bxg5
19.Nxg5 Nf6 20.Kh1 h6 21.Ne4 b6 22.Qe3 Nd5 23.Qe2 a5 24.c4 Ne7
25.c5 b5 26.Nd6 Nc8 27.Nxc8 Qxc8 28.a3 h5 29.Rg1 Rfe8 30.gxh5
Bxh5 31.Rg5 g6 32.Re5 Qd7 33.Qe3 Qe7 34.Rxh5 a4 35.Qh6 Qf6 36.Qh7+
Kf8 37.Qh8+ Ke7 38.Qxf6+ Kxf6 39.Re5 axb3 40.Kg2 Rxd4 41.Rxd4
Kxe5 42.Rd6 Rc8 43.Kg3 Kf5 44.Rd3 f6 45.Rxb3 Rd8 46.Rc3 Rd1 47.b4
e5 48.Re3 Rg1+ 49.Kf2 Ra1 50.Rc3 Kf4 51.Kg2 Ra2+ 52.Kg1 f5 53.Rd3
g5 54.Kh1 e4 55.fxe4 fxe4 56.Rd6 e3 57.Kg1 Kf3 58.Rf6+ Ke2 59.Rxc6
Kd1 0-1

[Event "Liga CS - istok 2016"]
[Site "Kladovo"]
[Date "2016.10.13"]
[Round "6.36"]
[White "Jovkic, Nikola"]
[Black "Floric, Nenad"]
[Result "1/2-1/2"]
[WhiteElo "1740"]
[BlackElo "1781"]
[PlyCount "0"]
[EventDate "2016.09.04"]

1.e4 c5 2.Nf3 d6 3.Bc4 e6 4.d4 cxd4 5.Nxd4 Nf6 6.Nc3 a6 7.O-O
Be7 8.Be3 O-O 9.f4 Qc7 10.Bd3 Nbd7 11.Qf3 b5 12.a3 Bb7 13.Qg3
g6 14.f5 Nh5 15.Qh3 e5 16.fxg6 hxg6 17.Ne6 Qb8 18.Nxf8 Nxf8 19.Nd5
Bxd5 20.exd5 Ng7 21.Bh6 Qd8 22.g4 Nh7 23.Qf3 Qe8 24.Rf2 Ng5 25.Bxg5
Bxg5 26.Raf1 Bf4 27.h4 f6 28.Re2 Qf7 29.Rg2 f5 30.gxf5 Nxf5 31.Bxf5
Qxf5 32.Qg4 Qxg4 33.Rxg4 Kh7 34.Re1 Rc8 35.Re2 Kh6 36.Reg2 Rg8
37.Kf2 Bc1 38.b3 Bxa3 39.Ke2 Bc5 40.Rg5 a5 41.h5 a4 42.bxa4 bxa4
43.Kd3 a3 44.Rxg6+ Rxg6 45.Rxg6+ Kxh5 46.Rg8 Bd4 47.c3 Bc5 48.Rg2
Bb6 49.Ke4 Bc5 50.Kf5 Kh6 51.Rg6+ Kh7 52.Rg2 Kh6 53.Kf6 Kh5 54.Kf5
Kh6 55.Ke4 Kh7 56.Kd3 Kh6 57.Kc4 e4 58.Kb3 e3 59.Kc4 Kh5 60.Kd3
Kh6 61.Ke4 Kh5 62.Kf4 Bb6 63.Re2 Kg6 64.Ke4 Kg5 65.c4 Bc5 66.Rc2
Kf6 67.Re2 Ke7 68.Rg2 Kd8 69.Kd3 Kc7 70.Kc3 Kb6 71.Kb3 Ka5 72.Re2
Kb6 73.Ka4 Ka6 74.Rg2 Kb6 75.Ra2 Ka6 76.Rg2 Kb6 1/2-1/2

[Event "Liga CS - istok 2016"]
[Site "Kladovo"]
[Date "2016.10.13"]
[Round "6.37"]
[White "Popovic, Marko"]
[Black "Krstic, Milos D**"]
[Result "1-0"]
[WhiteElo "1550"]
[BlackElo "1668"]
[PlyCount "0"]
[EventDate "2016.09.04"]

1.d4 Nf6 2.c4 g6 3.Nc3 Bg7 4.e4 d6 5.Nf3 O-O 6.Be2 e5 7.dxe5
dxe5 8.Qxd8 Rxd8 9.Bg5 Re8 10.O-O c6 11.h3 Nbd7 12.b4 h6 13.Be3
Nh5 14.Rfd1 Nf4 15.Bf1 Nf8 16.c5 Kh7 17.Nd2 Be6 18.Nc4 Bxc4 19.Bxc4
N8e6 20.Rd7 Nd8 21.Bxf7 Nxf7 22.Rxf7 Rab8 23.Rd1 Red8 24.Rxd8
Rxd8 25.Bxf4 exf4 26.Rxb7 Kg8 27.Ne2 Be5 28.Re7 Rd1+ 29.Kh2 f3+
30.Ng3 Bxg3+ 31.Kxg3 fxg2 32.Kxg2 Rd4 33.a3 a5 34.bxa5 Ra4 35.Ra7
Rxe4 36.a6 Ra4 37.Ra8+ Kf7 38.a7 Rxa3 39.f3 Ra4 40.Rh8 Kg7 41.a8Q 1-0

[Event "Liga CS - istok 2016"]
[Site "Kladovo"]
[Date "2016.10.13"]
[Round "6.41"]
[White "Garic, Radomir"]
[Black "Urosevic, Goran"]
[Result "1/2-1/2"]
[WhiteElo "2300"]
[BlackElo "2265"]
[PlyCount "0"]
[EventDate "2016.09.04"]

1.b3 d5 2.e3 Nf6 3.Bb2 c6 4.c4 Bf5 5.cxd5 cxd5 6.Nf3 Nc6 7.Be2
e6 8.O-O Bd6 9.Nc3 O-O 10.Nb5 e5 11.Rc1 Bb8 12.d4 e4 13.Ne5 a6
14.Na3 1/2-1/2

[Event "Liga CS - istok 2016"]
[Site "Kladovo"]
[Date "2016.10.13"]
[Round "6.42"]
[White "Cvetkovic, Nemanja"]
[Black "Cvetanovic, Uros*"]
[Result "0-1"]
[WhiteElo "2206"]
[BlackElo "2247"]
[PlyCount "0"]
[EventDate "2016.09.04"]

1.d4 Nf6 2.c4 e6 3.Nf3 b6 4.g3 Bb7 5.Bg2 Bb4+ 6.Nbd2 O-O 7.O-O
Re8 8.Qc2 Bxd2 9.Bxd2 d6 10.Rfe1 Be4 11.Qb3 Nbd7 12.Bh3 h6 13.Bc3
a5 14.Nd2 Bb7 15.e4 e5 16.d5 Nc5 17.Qc2 Bc8 18.Bg2 Nh5 19.Nf1
Rf8 20.Qe2 g6 21.Ne3 Qe8 22.Nf5 Kh7 23.Bd2 Bxf5 24.exf5 Ng7 25.fxg6+
fxg6 26.f4 exf4 27.Bxf4 Qxe2 28.Rxe2 Rae8 29.Rxe8 Rxe8 30.Bf1
Nf5 31.Rd1 g5 32.Bd2 Kg6 33.Re1 Rxe1 34.Bxe1 Ne3 35.Bc3 Nxf1
36.Kxf1 Kf5 37.Ke2 Ke4 38.Bg7 h5 39.Bf6 g4 40.Bd8 Na6 41.Bf6
a4 42.b3 Nb4 43.bxa4 Nxa2 44.Kd2 Nb4 45.Bd8 Na6 46.Kc3 Kf3 47.Kd4
Kg2 48.Ke3 Kxh2 49.Kf2 Kh3 50.Be7 Kh2 51.Bd8 Nc5 52.Bxc7 h4 53.gxh4
g3+ 54.Kf3 g2 55.Bxd6+ Kh1 0-1

[Event "Liga CS - istok 2016"]
[Site "Kladovo"]
[Date "2016.10.13"]
[Round "6.43"]
[White "Lazic, Milan Z"]
[Black "Jakovljevic, Dejan"]
[Result "1-0"]
[WhiteElo "2039"]
[BlackElo "2080"]
[PlyCount "0"]
[EventDate "2016.09.04"]

1.Nc3 e6 2.Nf3 d5 3.d4 Bb4 4.Bf4 Nf6 5.a3 Bxc3+ 6.bxc3 Ne4 7.Qd3
b6 8.Nd2 Ba6 9.Qh3 Nxd2 10.Bxd2 Nc6 11.Qg3 Qd7 12.Qxg7 O-O-O
13.g3 Rdg8 14.Qf6 Qe8 15.Qf3 h5 16.h4 Na5 17.Bh3 Kb8 18.O-O Rg6
19.Rfe1 Qe7 20.Kh2 Nc4 21.Bc1 Nd6 22.a4 Ne4 23.a5 Kb7 24.axb6
cxb6 25.Bf4 Rc8 26.Qxh5 Nxf2 27.Qe5 Rgg8 28.e4 Bc4 29.exd5 Bxd5
30.Qxd5+ 1-0

[Event "Liga CS - istok 2016"]
[Site "Kladovo"]
[Date "2016.10.13"]
[Round "6.44"]
[White "Miljkovic, Jovana**"]
[Black "Bulutic, Sasa"]
[Result "0-1"]
[WhiteElo "2018"]
[BlackElo "1904"]
[PlyCount "0"]
[EventDate "2016.09.04"]

1.d4 c6 2.c4 d6 3.Nc3 Qc7 4.e4 Nd7 5.Nf3 e5 6.d5 Ngf6 7.Be2 Be7
8.Be3 c5 9.O-O O-O 10.Ne1 a6 11.Kh1 h6 12.Qd2 Nh7 13.g3 Kh8 14.Ng2
Qd8 15.Rg1 Rg8 16.Raf1 Qe8 17.Nh4 Ndf8 18.Nf5 Qd8 19.f4 Bf6 20.fxe5
Bxe5 21.Nh4 g5 22.Nf5 Bxf5 23.Rxf5 f6 24.a3 Ng6 25.b4 b6 26.Rb1
Qc7 27.Rff1 Rgb8 28.Rb3 Ne7 29.Rfb1 a5 30.Nb5 Qd7 31.bxc5 bxc5
32.Nc3 Rxb3 33.Rxb3 f5 34.Bd3 Rf8 35.Rb1 f4 36.gxf4 gxf4 37.Bf2
Qh3 38.Bg1 Qf3+ 0-1

[Event "Liga CS - istok 2016"]
[Site "Kladovo"]
[Date "2016.10.13"]
[Round "6.45"]
[White "Brankovan, Mario"]
[Black "Golubovic, Marko"]
[Result "1-0"]
[WhiteElo "1858"]
[BlackElo "1977"]
[PlyCount "0"]
[EventDate "2016.09.04"]

1.d4 Nf6 2.Nf3 c5 3.c3 b6 4.g3 Bb7 5.Bg2 g6 6.Qb3 e6 7.Bg5 h6
8.Bxf6 Qxf6 9.Nbd2 cxd4 10.cxd4 Nc6 11.e3 Bg7 12.O-O O-O 13.Rfe1
Rac8 14.Qa3 d5 15.Rac1 Rc7 16.Rc3 Rfc8 17.Rec1 Bf8 18.Qa4 a6
19.a3 b5 20.Qb3 Na5 21.Rxc7 Nxb3 22.Nxb3 Qd8 23.Rxc8 Bxc8 24.Ne5
a5 25.Nc6 Qb6 26.Nbxa5 b4 27.Nxb4 Bd7 28.Nac6 Bxc6 29.Rxc6 Qb7
30.Rc3 Bxb4 31.Rb3 Qc6 32.Rxb4 h5 33.Bf1 g5 34.a4 h4 35.a5 Qd6
36.Rb7 1-0

[Event "Liga CS - istok 2016"]
[Site "Kladovo"]
[Date "2016.10.13"]
[Round "6.46"]
[White "Mijajlovic, Jovan**"]
[Black "Agai, Dzabir"]
[Result "1-0"]
[WhiteElo "1864"]
[BlackElo "1701"]
[PlyCount "0"]
[EventDate "2016.09.04"]

1.e4 c5 2.Nf3 g6 3.d4 cxd4 4.Nxd4 Nf6 5.Nc3 Bg7 6.e5 Ng8 7.Bc4
Nc6 8.Nxc6 bxc6 9.O-O Nh6 10.Bf4 Qb6 11.Qd2 Nf5 12.Rad1 O-O 13.Na4
Qc7 14.Bxf7+ Rxf7 15.e6 d6 16.exf7+ Kxf7 17.Rfe1 e5 18.Bg3 Be6
19.Nc3 Bh6 20.Qd3 Nd4 21.f4 Bf5 22.Qc4+ Be6 23.Qf1 Nf5 24.fxe5
d5 25.Bf4 Bxf4 26.Qxf4 Kg8 27.Kh1 Rf8 28.Qd2 Qe7 29.Ne2 Qh4 30.Nd4
Ng3+ 31.Kg1 Ne4 32.Rxe4 dxe4 33.Nxe6 e3 34.Qxe3 Qg4 35.Rf1 Rxf1+
36.Kxf1 Qxe6 37.Qb3 Kf7 38.Ke2 Qxb3 39.axb3 Ke6 40.Ke3 Kxe5 41.b4
Kd5 42.Kd3 a6 43.c3 h5 44.h4 Ke5 45.Ke3 Kf5 46.Kf3 Ke5 47.g4
Kd5 48.gxh5 gxh5 49.Kf4 Kc4 50.Kg5 Kb3 51.Kxh5 Kxb2 52.Kg4 Kxc3
53.h5 Kxb4 54.h6 c5 55.h7 c4 56.h8Q c3 57.Kf3 Kb3 58.Ke3 a5 59.Kd3 1-0

[Event "Liga CS - istok 2016"]
[Site "Kladovo"]
[Date "2016.10.13"]
[Round "6.47"]
[White "Nikolic, Lazar**"]
[Black "Manic, Veljko"]
[Result "0-1"]
[WhiteElo "1372"]
[BlackElo "1899"]
[PlyCount "0"]
[EventDate "2016.09.04"]

1.e4 c5 2.Nf3 d6 3.d4 cxd4 4.Nxd4 Nf6 5.Nc3 a6 6.Bc4 e6 7.Bg5
Be7 8.Bxf6 Bxf6 9.Nde2 O-O 10.O-O b5 11.Bb3 Bb7 12.a3 Qc7 13.Qd2
Nc6 14.Rab1 Rac8 15.Ng3 Na5 16.Na2 Nc4 17.Qc1 Qc5 18.Kh1 a5 19.c3
Bg5 20.f4 Bh4 21.Bc2 Bxg3 22.hxg3 Ne3 23.Re1 Qh5+ 24.Kg1 Ng4
25.Qd2 Qh2+ 26.Kf1 b4 27.axb4 Ba6+ 28.Bd3 Qh1+ 29.Ke2 Qxg2+ 30.Kd1
Nf2+ 0-1

[Event "Liga CS - istok 2016"]
[Site "Kladovo"]
[Date "2016.10.13"]
[Round "6.51"]
[White "Radenkovic, Dragan"]
[Black "Todorovic, Zoran D"]
[Result "1-0"]
[WhiteElo "2154"]
[BlackElo "2091"]
[PlyCount "0"]
[EventDate "2016.09.04"]

1.Nf3 Nf6 2.d4 g6 3.c4 Bg7 4.Nc3 O-O 5.e4 c5 6.e5 Ne8 7.d5 Nc7
8.Be2 b6 9.O-O Bb7 10.Re1 a6 11.Qb3 b5 12.cxb5 axb5 13.Bxb5 Nxb5
14.Qxb5 Qc8 15.Bg5 Re8 16.Rad1 h6 17.Bf4 Na6 18.a3 Bf8 19.Qd3
d6 20.e6 f5 21.Nh4 g5 22.Qxf5 gxh4 23.Qg6+ Kh8 24.Bxh6 Bxh6 25.Qxh6+ 1-0